Validción experimental de un método de diseño para vigas de acero de alma expandida basado en la filosofía de factores de carga y resistencia
Guardat en:
| Autor principal: | |
|---|---|
| Format: | Llibre |
| Idioma: | Spanish |
| Publicat: |
[San José , Costa Rica]
2017
|
| Matèries: | |
| Etiquetes: |
Afegir etiqueta
Sense etiquetes, Sigues el primer a etiquetar aquest registre!
|
MARC
| LEADER | 00000nam a22000007a 4500 | ||
|---|---|---|---|
| 003 | 012775 | ||
| 005 | 20221231144244.0 | ||
| 008 | 171019b2017 cr |a||| ||m| 00| ||spa d | ||
| 040 | |c cru CEDI | ||
| 090 | |a TFG 7926 | ||
| 100 | |9 10188 |a Barzuna Peinador, José Luis | ||
| 245 | |a Validción experimental de un método de diseño para vigas de acero de alma expandida basado en la filosofía de factores de carga y resistencia | ||
| 260 | |a [San José , Costa Rica] |c 2017 | ||
| 300 | |a xix, 155 hojas, ilustraciones a color | ||
| 500 | |a Proyecto de graduación (licenciatura en ingeniería civil)--Universidad de Costa Rica. Facultad de Ingeniería. Escuela de Ingeniería Civil | ||
| 650 | |x RESISTENCIA DE MATERIALES - MODELOS MATEMATICOS |x OPTIMIZACION ESTRUCTURAL |x ESFUERZO Y TENSION |x ESTRUCTURAS DE ACERO |x DISEÑO DE ESTRUCTURAS |x VIGAS |9 10189 | ||
| 942 | |c TFG | ||
| 999 | |c 19147 |d 19147 | ||
